| 000 | 01064nam a2200301 i 4500 | ||
|---|---|---|---|
| 001 | 000032464 | ||
| 003 | DO-SdBNP | ||
| 005 | 20240507143940.0 | ||
| 007 | ta | ||
| 008 | 110718s19-- dr 000 0 spa d | ||
| 040 |
_aDO-SdBNP _bspa _cBNPHU _erda |
||
| 082 | 4 |
_a972.9342 _bC227m _222 |
|
| 100 | 1 |
_aCano Fortuna, César Augusto, _d1901- _958420 _eautor |
|
| 245 | 1 | 4 |
_aLas Matas de Farfán : _bpasado y presente / _cCésar A. Cano F. ; prólogo, E. O. Garrido Puello. |
| 260 |
_aSanto Domingo : _bGráfica, _c[19--]. |
||
| 264 |
_aSanto Domingo : _bGráfica, _c19--?. |
||
| 300 |
_a164 p. ; _c21 cm. |
||
| 336 |
_2rdacontent _atexto _btxt |
||
| 337 |
_2rdamedia _asin mediación _bn |
||
| 338 |
_2rdacarrier _avolumen _bnc |
||
| 504 | _aBibliografía : p. 165 | ||
| 590 | _aInventariado, 2024/BT | ||
| 650 | 4 |
_aCiudades y pueblos _zRepública Dominicana _9784 |
|
| 651 | 4 |
_aLas Matas de Farfán (República Dominicana) _958421 _xHistoria local |
|
| 700 | 1 |
_aGarrido Puello, E. O., _984 _eprólogo |
|
| 910 | _aValidado. Control de calidad MFF | ||
| 942 |
_2ddc _cLBS1 |
||
| 999 |
_c31955 _d31955 |
||